<?xml version="1.0" encoding="UTF-8"?>
<record
    xmlns:xsi="http://www.w3.org/2001/XMLSchema-instance"
    xsi:schemaLocation="http://www.loc.gov/MARC21/slim http://www.loc.gov/standards/marcxml/schema/MARC21slim.xsd"
    xmlns="http://www.loc.gov/MARC21/slim">

  <leader>05088cam a2200409   4500500</leader>
  <controlfield tag="005">20260517000304.0</controlfield>
  <datafield tag="041" ind1=" " ind2=" ">
    <subfield code="a">fre</subfield>
  </datafield>
  <datafield tag="042" ind1=" " ind2=" ">
    <subfield code="a">dc</subfield>
  </datafield>
  <datafield tag="100" ind1="1" ind2="0">
    <subfield code="a">Deniaud, Fran&#xE7;ois</subfield>
    <subfield code="e">author</subfield>
  </datafield>
  <datafield tag="700" ind1="1" ind2="0">
    <subfield code="a">Legros, Pascale</subfield>
    <subfield code="e">author</subfield>
  </datafield>
  <datafield tag="700" ind1="1" ind2="0">
    <subfield code="a">Collignon, Anne</subfield>
    <subfield code="e">author</subfield>
  </datafield>
  <datafield tag="700" ind1="1" ind2="0">
    <subfield code="a">Pr&#xE9;v&#xF4;t, Michel</subfield>
    <subfield code="e">author</subfield>
  </datafield>
  <datafield tag="700" ind1="1" ind2="0">
    <subfield code="a">Domingo, Anita</subfield>
    <subfield code="e">author</subfield>
  </datafield>
  <datafield tag="700" ind1="1" ind2="0">
    <subfield code="a">Ayache, Bernard</subfield>
    <subfield code="e">author</subfield>
  </datafield>
  <datafield tag="245" ind1="0" ind2="0">
    <subfield code="a">D&#xE9;pistages cibl&#xE9;s propos&#xE9;s dans 6 foyers de migrants &#xE0; Paris en 2005&#xA0;: &#xE9;tude de faisabilit&#xE9; et d'impact</subfield>
  </datafield>
  <datafield tag="260" ind1=" " ind2=" ">
    <subfield code="c">2009.
							</subfield>
  </datafield>
  <datafield tag="500" ind1=" " ind2=" ">
    <subfield code="a">78</subfield>
  </datafield>
  <datafield tag="520" ind1=" " ind2=" ">
    <subfield code="a">R&#xE9;sum&#xE9;Dans le cadre de visites organis&#xE9;es par le Service de d&#xE9;pistage radiologique itin&#xE9;rant de la tuberculose &#xE0; Paris, une permanence m&#xE9;dicale s&#x2019;est tenue dans six foyers de migrants pour proposer aux r&#xE9;sidents en plus du d&#xE9;pistage radiologique, un recueil d&#x2019;urines pour le d&#xE9;pistage de la bilharziose&#xA0;; et dans un second temps, une consultation gratuite de diagnostic et d&#x2019;orientation (CDO) dans un centre m&#xE9;dico-social (CMS) proche du foyer visit&#xE9;. L&#x2019;objectif de cette &#xE9;tude est d&#x2019;&#xE9;valuer la faisabilit&#xE9; et l&#x2019;impact de d&#xE9;pistages effectu&#xE9;s sur site et en CDO. Sur les 97 personnes ayant b&#xE9;n&#xE9;fici&#xE9; d&#x2019;un entretien individuel en foyer, 52 ont fait le d&#xE9;pistage de la bilharziose urinaire&#xA0;et 3 cas ont &#xE9;t&#xE9; d&#xE9;tect&#xE9;s (5,7&#xA0;%). En CDO, 57 personnes sont venues sur 75 rendez vous propos&#xE9;s. &#xC0; l&#x2019;issue de l&#x2019;action, 33 pathologies ont &#xE9;t&#xE9; d&#xE9;tect&#xE9;es chez 24 patients&#xA0;: infection &#xE0; VHB (7 cas), bilharziose urinaire (9 cas), parasitoses intestinales (5 cas), infection sexuellement transmissible (2 cas), infection &#xE0; VIH 2 (1 cas) et des pathologies non infectieuses&#xA0;en moindre nombre. Les sujets d&#xE9;tect&#xE9;s avec une pathologie curable ont &#xE9;t&#xE9; trait&#xE9;s. Aller au-devant des personnes dans les foyers de migrants entra&#xEE;ne un b&#xE9;n&#xE9;fice g&#xE9;n&#xE9;ral pour le d&#xE9;pistage de la bilharziose urinaire, cependant moins performant sur site qu&#x2019;&#xE0; l&#x2019;issue des CDO, et de l&#x2019;infection &#xE0; VHB. Cette prise de contact personnalis&#xE9;e au foyer aide le migrant &#xE0; venir consulter dans un CMS voisin et rencontrer un travailleur social. En revanche, le suivi des affections chroniques d&#xE9;tect&#xE9;es est incertain et co&#xFB;teux pour les patients sans couverture compl&#xE9;mentaire. La poursuite des permanences m&#xE9;dicales sur site et l&#x2019;initiative d&#x2019;actions de pr&#xE9;vention sont recommand&#xE9;es dans ces &#xE9;tablissements.</subfield>
  </datafield>
  <datafield tag="520" ind1=" " ind2=" ">
    <subfield code="a">Within the framework of the Mobile Radiological TB Screening Unit of the Health Department of Paris (DASES), six migrant worker housing units were selected to benefit from the presence of a health care professional on-site. This presence would ensure that following a chest X-Ray, residents would be offered the possibility of an interview with a general practitioner about Schistosoma haematobium (Sch. h.) including: collection of a urine specimen on-site (microscopic detection of eggs performed at the lab the next day), and free medical consultation (CDO) in a neighbouring municipal free clinic proposed to people expressing a health problem. The objective is to assess feasibility and impact of screenings undertaken on-site and thereafter, within free clinics. CDO have been created for precarious populations by the DASES in 1998. 97 persons received an individual interview, of which 52 have undergone Sch. h. screening. 3 cases were found (5.7%). 57 persons went to the CDO out of 75 to whom it was offered (18 no-show). In total, 33 pathologies were detected among 24 patients: HBV infection (7 cases), Sch. h. (9 cases), intestinal parasitic infection (5 cases), sexually transmitted infection (2 cases), HIV-2 infection (1 case) and fewer non infectious diseases. The treatable diseases detected have all been treated free of charge. Community health services which involve screening and assessment by going directly to those persons in migrant worker housings is worthwhile for Sch. h. (although it is less efficient on-site than in CDO) and for HBV screening. This personalized, individual, and targeted contact supports the development trust and confidence of the migrants in order to then visit a GP and a social worker in a Municipal Clinic. But the follow-up of people diagnosed with a chronic disease is uncertain and costly for patients without full social security coverage. The continuation of such prevention programmes is recommended in such housing units.</subfield>
  </datafield>
  <datafield tag="690" ind1=" " ind2=" ">
    <subfield code="a">bilharziose urinaire</subfield>
  </datafield>
  <datafield tag="690" ind1=" " ind2=" ">
    <subfield code="a">d&#xE9;pistage cibl&#xE9;</subfield>
  </datafield>
  <datafield tag="690" ind1=" " ind2=" ">
    <subfield code="a">&#xE9;tude de faisabilit&#xE9; et d'impact</subfield>
  </datafield>
  <datafield tag="690" ind1=" " ind2=" ">
    <subfield code="a">foyers de travailleurs migrants</subfield>
  </datafield>
  <datafield tag="690" ind1=" " ind2=" ">
    <subfield code="a">h&#xE9;patite B</subfield>
  </datafield>
  <datafield tag="690" ind1=" " ind2=" ">
    <subfield code="a">Paris</subfield>
  </datafield>
  <datafield tag="690" ind1=" " ind2=" ">
    <subfield code="a">pr&#xE9;carit&#xE9;</subfield>
  </datafield>
  <datafield tag="690" ind1=" " ind2=" ">
    <subfield code="a">deprivation</subfield>
  </datafield>
  <datafield tag="690" ind1=" " ind2=" ">
    <subfield code="a">feasibility study</subfield>
  </datafield>
  <datafield tag="690" ind1=" " ind2=" ">
    <subfield code="a">hepatitis B</subfield>
  </datafield>
  <datafield tag="690" ind1=" " ind2=" ">
    <subfield code="a">impact</subfield>
  </datafield>
  <datafield tag="690" ind1=" " ind2=" ">
    <subfield code="a">migrant worker housing</subfield>
  </datafield>
  <datafield tag="690" ind1=" " ind2=" ">
    <subfield code="a">Paris</subfield>
  </datafield>
  <datafield tag="690" ind1=" " ind2=" ">
    <subfield code="a">schistosoma haematobium</subfield>
  </datafield>
  <datafield tag="690" ind1=" " ind2=" ">
    <subfield code="a">targeted screening</subfield>
  </datafield>
  <datafield tag="786" ind1="0" ind2=" ">
    <subfield code="n">Sant&#xE9; Publique | 20 | 6 | 2009-01-22 | p. 547-559 | 0995-3914</subfield>
  </datafield>
  <datafield tag="856" ind1="4" ind2="1">
    <subfield code="u">https://stm.cairn.info/revue-sante-publique-2008-6-page-547?lang=fr&amp;redirect-ssocas=7080</subfield>
  </datafield>
  <datafield tag="999" ind1=" " ind2=" ">
    <subfield code="c">2230955</subfield>
    <subfield code="d">2230955</subfield>
  </datafield>
</record>
